[Event "Aut_2.Bundesliga_Ost_2004/05"]
[Site "?"]
[Date "2005.01.30"]
[Round "6.4"]
[White "Smolen, Jan"]
[Black "Kummer, Helmut"]
[Result "1/2-1/2"]
[WhiteElo "2334"]
[BlackElo "2350"]
[PlyCount "80"]
[EventDate "2004.10.09"]

1. c4 e5 2. Nc3 Nf6 3. g3 Nc6 4. Bg2 g6 5. e3 Bg7 6. Nge2 O-O 7. O-O d6 8. Nd5
Be6 9. d3 Qd7 10. Nec3 Ne8 11. f4 f5 12. Rb1 Nd8 13. Ne2 c6 14. Ndc3 Nf7 15. b4
Nf6 16. b5 Rfd8 17. bxc6 bxc6 18. Qa4 d5 19. cxd5 cxd5 20. Qa6 Rab8 21. Ba3 Ng4
22. Na4 Qc8 23. Qxc8 Rdxc8 24. Nc5 Bf8 25. Nxe6 Bxa3 26. fxe5 Nxe3 27. d4 Rb6
28. Rxb6 axb6 29. Rb1 Rc2 30. Bf3 Bb2 31. N2f4 Rd2 32. Nxd5 Nxd5 33. Bxd5 Bxd4+
34. Nxd4 Rxd4 35. Bb3 Kf8 36. e6 Nd8 37. Rc1 Rd6 38. Rc7 Nxe6 39. Rxh7 Ng5 40.
Rb7 Rd2 1/2-1/2

[Event "Aut_2.Bundesliga_Ost_2004/05"]
[Site "?"]
[Date "2005.01.30"]
[Round "6.4"]
[White "Rudolf, Herbert"]
[Black "Kuthan, Andreas"]
[Result "1/2-1/2"]
[WhiteElo "2225"]
[BlackElo "2235"]
[PlyCount "42"]
[EventDate "2004.10.09"]

1. Nf3 Nf6 2. c4 g6 3. b4 Bg7 4. Bb2 O-O 5. d3 d6 6. g3 e5 7. Bg2 Nc6 8. b5 Ne7
9. O-O Nh5 10. e4 f5 11. Nbd2 f4 12. Qb3 h6 13. c5+ Kh7 14. cxd6 cxd6 15. d4 g5
16. dxe5 dxe5 17. Rad1 Ng6 18. Nc4 Qc7 19. b6 Qf7 20. Qb4 axb6 21. a3 g4
1/2-1/2

[Event "Aut_2.Bundesliga_Ost_2004/05"]
[Site "?"]
[Date "2005.01.30"]
[Round "6.4"]
[White "Travenec, Igor"]
[Black "Kremsner, Andreas"]
[Result "1/2-1/2"]
[WhiteElo "2227"]
[BlackElo "2207"]
[PlyCount "38"]
[EventDate "2004.10.09"]

1. e4 c5 2. Nf3 d6 3. d4 Nf6 4. Nc3 cxd4 5. Nxd4 a6 6. Be2 e5 7. Nb3 Be7 8. Bg5
Nbd7 9. Qd2 O-O 10. O-O Qc7 11. a4 b6 12. Rad1 Bb7 13. Qe3 Rfe8 14. Rd2 Rac8
15. Rfd1 Rcd8 16. Bf3 Bc6 17. Ra1 Bb7 18. Be2 Rc8 19. Rad1 Rcd8 1/2-1/2

[Event "Aut_2.Bundesliga_Ost_2004/05"]
[Site "?"]
[Date "2005.01.30"]
[Round "6.4"]
[White "Steinwender, Peter"]
[Black "Froschauer, Hans"]
[Result "1/2-1/2"]
[WhiteElo "2140"]
[BlackElo "2122"]
[PlyCount "107"]
[EventDate "2004.10.09"]

1. e4 d6 2. d4 g6 3. Bc4 Bg7 4. Nf3 Nf6 5. Nc3 O-O 6. O-O c6 7. a4 a5 8. Qe2
Na6 9. Bg5 h6 10. Bh4 Nh7 11. Rad1 Nb4 12. h3 Qc7 13. Rd2 Re8 14. Bg3 Qb6 15.
Bb3 Bd7 16. e5 d5 17. Nd1 Na6 18. Ne3 Be6 19. Qd1 Rac8 20. Kh1 Qd8 21. c3 Qd7
22. Ng1 f5 23. f4 Bf7 24. Bh4 e6 25. Nf3 c5 26. g4 Kh8 27. Rg1 Rg8 28. Rdg2
cxd4 29. Nxd4 Nc5 30. Bc2 g5 31. Bg3 Bxe5 32. fxe5 f4 33. Bf2 fxe3 34. Bxe3 Bg6
35. Bxg6 Rxg6 36. Rf2 Ne4 37. Rf3 Rgg8 38. Rgf1 Rcf8 39. Nb5 Rxf3 40. Rxf3 Nf8
41. Nd6 Nxd6 42. exd6 Qxd6 43. Qd4+ e5 44. Qb6 Qxb6 45. Bxb6 Ng6 46. Bxa5 Ra8
47. b4 Nf4 48. Bc7 e4 49. Rf1 Rxa4 50. Bxf4 gxf4 51. Rxf4 Ra3 52. c4 dxc4 53.
Rxe4 b5 54. Re5 1/2-1/2

[Event "Aut_2.Bundesliga_Ost_2004/05"]
[Site "?"]
[Date "2005.01.30"]
[Round "6.5"]
[White "Videki, Sandor"]
[Black "Volkmann, Friedrich Karl"]
[Result "1/2-1/2"]
[WhiteElo "2414"]
[BlackElo "2454"]
[PlyCount "22"]
[EventDate "2004.10.09"]

1. e4 e5 2. Nf3 Nf6 3. Nc3 Nc6 4. g3 Bc5 5. Bg2 d6 6. d3 a6 7. O-O Be6 8. h3
O-O 9. Kh2 h6 10. Be3 Bxe3 11. fxe3 d5 1/2-1/2

[Event "Aut_2.Bundesliga_Ost_2004/05"]
[Site "?"]
[Date "2005.01.30"]
[Round "6.5"]
[White "Schroll, Gerhard"]
[Black "Neumeier, Klaus"]
[Result "1/2-1/2"]
[WhiteElo "2364"]
[BlackElo "2304"]
[PlyCount "61"]
[EventDate "2004.10.09"]

1. e4 e5 2. Nf3 Nc6 3. Bb5 a6 4. Bxc6 dxc6 5. O-O Bg4 6. h3 Bh5 7. d3 Qf6 8.
Be3 Bxf3 9. Qxf3 Qxf3 10. gxf3 Bd6 11. Nd2 Ne7 12. Kh2 f5 13. Bg5 f4 14. Bxe7
Bxe7 15. Nc4 Bf6 16. Rg1 g5 17. Kg2 c5 18. Kf1 Kd7 19. Ke2 Rag8 20. Rg2 Rg7 21.
c3 Ke6 22. a4 b6 23. Rgg1 Rgg8 24. Rgb1 b5 25. Nd2 Be7 26. Ra2 Kd7 27. Rba1 c6
28. Nb3 Ra8 29. axb5 cxb5 30. c4 b4 31. Rg1 1/2-1/2

[Event "Aut_2.Bundesliga_Ost_2004/05"]
[Site "?"]
[Date "2005.01.30"]
[Round "6.5"]
[White "Weissenbeck, Manuel"]
[Black "Neulinger, Manfred"]
[Result "1/2-1/2"]
[WhiteElo "2254"]
[BlackElo "2304"]
[PlyCount "135"]
[EventDate "2004.10.09"]

1. d4 Nf6 2. Nf3 g6 3. c4 Bg7 4. Nc3 d6 5. e4 O-O 6. Be2 Bg4 7. O-O Na6 8. h3
Bxf3 9. Bxf3 e5 10. d5 Ne8 11. a3 Qh4 12. g3 Qe7 13. b4 f5 14. Ra2 Kh8 15. Ne2
f4 16. gxf4 Qh4 17. f5 gxf5 18. exf5 Qxh3 19. Ng3 Bh6 20. Bg4 Qh4 21. Bxh6 Qxh6
22. Ne4 Nf6 23. Nxf6 Rxf6 24. f4 Rg8 25. Rg2 exf4 26. Qd4 Nb8 27. Qxf4 Qxf4 28.
Rxf4 Nd7 29. Bd1 Ne5 30. Bc2 Rxg2+ 31. Kxg2 Kg7 32. Kg3 Rh6 33. c5 Kf6 34. cxd6
cxd6 35. Kg2 Kg5 36. Rf1 Ng4 37. Kg3 Ne3 38. Rf2 Nxd5 39. Be4 Ne7 40. Bxb7
Nxf5+ 41. Kg2 d5 42. b5 Rf6 43. a4 Ne3+ 44. Kg1 d4 45. Rd2 Rf1+ 46. Kh2 Rf4 47.
Rd3 Nc4 48. Bd5 Nb2 49. Rg3+ Kf6 50. a5 d3 51. Rg2 Rf5 52. Bb3 Rxb5 53. Rxb2
Ke5 54. Kg1 Kd4 55. Rh2 Rxb3 56. Rxh7 Rb5 57. Kf2 Rxa5 58. Ke1 Re5+ 59. Kd2
Re2+ 60. Kd1 Ra2 61. Rd7+ Kc3 62. Rc7+ Kb2 63. Kd2 Ra3 64. Rb7+ Ka2 65. Kc1 d2+
66. Kxd2 a5 67. Rb5 Ra4 68. Kc2 1/2-1/2

[Event "Aut_2.Bundesliga_Ost_2004/05"]
[Site "?"]
[Date "2005.01.30"]
[Round "6.5"]
[White "Mueller, Roland"]
[Black "Hudec, Marcus"]
[Result "0-1"]
[WhiteElo "2096"]
[BlackElo "2084"]
[PlyCount "80"]
[EventDate "2004.10.09"]

1. e4 c5 2. Nf3 Nc6 3. d4 cxd4 4. Nxd4 Nf6 5. Nc3 e5 6. Ndb5 d6 7. Bg5 a6 8.
Na3 b5 9. Bxf6 gxf6 10. Nd5 f5 11. Bxb5 axb5 12. Nxb5 Ra7 13. Nxa7 Nxa7 14.
exf5 Bxf5 15. Qf3 Qc8 16. Nb6 Qc6 17. Qxf5 Qxb6 18. O-O Bg7 19. Rae1 Nc6 20.
Re3 Nd4 21. Qg4 Ne6 22. Qa4+ Ke7 23. Rb3 Qd4 24. Rb4 Qd5 25. Qa7+ Kf6 26. Qe3
h5 27. c4 Qd4 28. Qf3+ Qf4 29. Qc6 h4 30. h3 Bf8 31. Qd7 Rg8 32. Rb7 Rg7 33.
Rd1 Qe4 34. Kf1 Qxg2+ 35. Ke1 Qxh3 36. Kd2 Qg2 37. Kc3 h3 38. Rb8 h2 39. Rxf8
Qf3+ 40. Rd3 h1=Q 0-1

[Event "Aut_2.Bundesliga_Ost_2004/05"]
[Site "?"]
[Date "2005.01.30"]
[Round "6.6"]
[White "Pokorna, Regina"]
[Black "Polak, Thomas"]
[Result "1/2-1/2"]
[WhiteElo "2370"]
[BlackElo "2466"]
[PlyCount "65"]
[EventDate "2004.10.09"]

1. e4 b6 2. d4 Bb7 3. Bd3 Nf6 4. Qe2 Nc6 5. c3 e5 6. Nf3 d6 7. O-O Be7 8. a4
exd4 9. Nxd4 O-O 10. Nf5 Re8 11. Bg5 Bf8 12. f4 h6 13. Bh4 g6 14. Ne3 Bg7 15.
Ng4 h5 16. Nxf6+ Bxf6 17. Bxf6 Qxf6 18. Nd2 Re7 19. e5 Qg7 20. Ne4 Rd8 21. Rad1
Nb8 22. Nf6+ Kf8 23. Qf2 Nd7 24. Qh4 dxe5 25. fxe5 Nxe5 26. Be4 Rxd1 27. Rxd1
Bc6 28. Rd8+ Be8 29. Nd5 g5 30. Qxh5 Rd7 31. Rxd7 Bxd7 32. Qe2 c6 33. Ne3
1/2-1/2

[Event "Aut_2.Bundesliga_Ost_2004/05"]
[Site "?"]
[Date "2005.01.30"]
[Round "6.6"]
[White "Groetz, Harald"]
[Black "Staudner, Oliver"]
[Result "0-1"]
[WhiteElo "2299"]
[BlackElo "2392"]
[PlyCount "71"]
[EventDate "2004.10.09"]

1. e4 e6 2. d4 d5 3. Nd2 Be7 4. Ngf3 dxe4 5. Nxe4 Nf6 6. Bd3 Nbd7 7. Qe2 c5 8.
c3 Qc7 9. O-O a6 10. Neg5 h6 11. Nh3 Bd6 12. Re1 O-O 13. g3 b5 14. Ne5 Bb7 15.
Bf4 Rad8 16. Rad1 cxd4 17. cxd4 Ba8 18. f3 Nd5 19. Bc1 N7f6 20. Nf2 Qa7 21. a3
Bc7 22. Bb1 Bb6 23. Qd3 Rd6 24. Ne4 Nxe4 25. Rxe4 f5 26. Re2 Nf4 27. Bxf4 Rxd4
28. Be3 Rxd3 29. Rxd3 Bd5 30. Kg2 Bxe3 31. Rdxe3 Rc8 32. Ng6 Bc4 33. Re1 Rd8
34. Nf4 Rd2+ 35. Kh3 Bf1+ 36. Kh4 0-1

[Event "Aut_2.Bundesliga_Ost_2004/05"]
[Site "?"]
[Date "2005.01.30"]
[Round "6.6"]
[White "Rogetzer, Klaus"]
[Black "Schirmbeck, Hannes"]
[Result "1-0"]
[WhiteElo "2124"]
[BlackElo "2139"]
[PlyCount "61"]
[EventDate "2004.10.09"]

1. d4 d5 2. c4 c6 3. e3 Nf6 4. Nc3 e6 5. Nf3 Be7 6. Qc2 O-O 7. Bd3 dxc4 8. Bxc4
c5 9. dxc5 Bxc5 10. O-O a6 11. e4 h6 12. e5 Nfd7 13. Qe4 Nc6 14. Bxh6 gxh6 15.
Qg4+ Kh8 16. Qh5 Kg7 17. Rae1 Rh8 18. Re4 Be7 19. Rg4+ Kf8 20. Rf4 Rh7 21. Bxe6
Ndxe5 22. Bd5 Qd6 23. Nxe5 Nxe5 24. Re1 Bg5 25. Ne4 Qxd5 26. Nxg5 Nf3+ 27. Qxf3
Qxg5 28. Qe4 Kg8 29. Qe8+ Kg7 30. Rxf7+ Kg6 31. Rf8+ 1-0

[Event "Aut_2.Bundesliga_Ost_2004/05"]
[Site "?"]
[Date "2005.01.30"]
[Round "6.6"]
[White "Schmid, Thomas"]
[Black "Steiner, Johann"]
[Result "1/2-1/2"]
[WhiteElo "2128"]
[BlackElo "2051"]
[PlyCount "81"]
[EventDate "2004.10.09"]

1. e4 d5 2. exd5 Qxd5 3. Nc3 Qa5 4. d4 c6 5. Nf3 Nf6 6. Bc4 Bf5 7. Bd2 Qc7 8.
Ne5 e6 9. Qe2 Nbd7 10. Nxd7 Nxd7 11. O-O-O O-O-O 12. g4 Bg6 13. h4 h6 14. Bb3
Bd6 15. Qf3 Nf6 16. h5 Bh7 17. g5 hxg5 18. Bxg5 Rd7 19. h6 Bg8 20. hxg7 Rxh1
21. Rxh1 Nh7 22. Bd2 Re7 23. Bh6 f5 24. Re1 Kb8 25. Ne2 a6 26. Nf4 Rxg7 27.
Nxe6 Bxe6 28. Bxe6 Rg6 29. Bd2 f4 30. Qh5 Qg7 31. Bf5 Rh6 32. Qe8+ Ka7 33. Qe4
Nf6 34. Qd3 Rh2 35. f3 Nd5 36. c4 Rxd2 37. Qxd2 Bb4 38. Qe2 Bxe1 39. Qxe1 Ne3
40. Bd3 Qxd4 41. Qd2 1/2-1/2

[Event "Aut_2.Bundesliga_Ost_2004/05"]
[Site "?"]
[Date "2005.02.25"]
[Round "7.1"]
[White "Polak, Thomas"]
[Black "Schlosser, Michael"]
[Result "1-0"]
[WhiteElo "2466"]
[BlackElo "2364"]
[PlyCount "61"]
[EventDate "2004.10.09"]

1. d4 Nf6 2. c4 g6 3. Nc3 Bg7 4. e4 d6 5. Nf3 O-O 6. h3 Na6 7. Bg5 e5 8. d5 Qe8
9. g4 Kh8 10. Be2 Ng8 11. Rg1 f6 12. Be3 Bh6 13. g5 fxg5 14. Nxg5 Bxg5 15. Rxg5
Bxh3 16. Kd2 Bd7 17. Qg1 Nf6 18. Qh2 b6 19. Rag1 Kg8 20. Qh6 Kf7 21. f4 exf4
22. Bd4 Nc5 23. Bf3 Rg8 24. e5 dxe5 25. Rxe5 Qc8 26. b4 Nb7 27. Ne4 Nxe4+ 28.
Bxe4 Qf8 29. Qxf4+ Bf5 30. Rxf5+ gxf5 31. Qxf5+ 1-0

[Event "Aut_2.Bundesliga_Ost_2004/05"]
[Site "?"]
[Date "2005.02.25"]
[Round "7.1"]
[White "Hodysh, Yuriy"]
[Black "Chytilek, Roman"]
[Result "1/2-1/2"]
[WhiteElo "2166"]
[BlackElo "2424"]
[PlyCount "94"]
[EventDate "2004.10.09"]

1. d4 Nf6 2. c4 c5 3. d5 b5 4. Nf3 b4 5. a3 g6 6. g3 Bg7 7. Bg2 O-O 8. O-O bxa3
9. Rxa3 d6 10. Nc3 Na6 11. e4 Nb4 12. h3 Nd7 13. Ne2 a5 14. Nf4 Nb6 15. b3 a4
16. Re1 Bd7 17. e5 axb3 18. Rxa8 Qxa8 19. Qxb3 Ba4 20. Qc3 Nd7 21. Nd3 Nxd3 22.
Qxd3 Nxe5 23. Nxe5 Bxe5 24. Bg5 Qa5 25. Bd2 Qb6 26. Rb1 Qc7 27. Bc3 Bxc3 28.
Qxc3 Rb8 29. Re1 Rb7 30. Bf1 Qb6 31. Qe3 Qb2 32. Qg5 Kf8 33. Qh6+ Qg7 34. Qd2
Rb4 35. Qg5 Qf6 36. Qxf6 exf6 37. Ra1 Kg7 38. Kg2 f5 39. Kf3 Kf6 40. Ke3 g5 41.
Bd3 h6 42. f4 Bd7 43. Ra6 Ke7 44. Ra7 Ra4 45. Rxa4 Bxa4 46. Bxf5 Bb3 47. Bd3 f6
1/2-1/2

[Event "Aut_2.Bundesliga_Ost_2004/05"]
[Site "?"]
[Date "2005.02.25"]
[Round "7.1"]
[White "Groetz, Harald"]
[Black "Pachta, Paul"]
[Result "0-1"]
[WhiteElo "2299"]
[BlackElo "2159"]
[PlyCount "86"]
[EventDate "2004.10.09"]

1. e4 c5 2. Nf3 d6 3. c3 Nf6 4. Bd3 g6 5. h3 Nc6 6. Bc2 Bg7 7. O-O O-O 8. d4
cxd4 9. cxd4 Bd7 10. Nc3 Rc8 11. e5 Ne8 12. Re1 Qa5 13. Bb3 Nc7 14. exd6 exd6
15. Ne4 Nb5 16. Be3 Rce8 17. Bf4 Ncxd4 18. Nxd4 Bxd4 19. a4 Bxb2 20. Rb1 Nc3
21. Nf6+ Kh8 22. Qxd6 Nxb1 23. Rxb1 Bxf6 24. Qxf6+ Kg8 25. Rd1 Qf5 26. Qd6 Bc6
27. Bh6 Qe4 28. Bd5 Bxd5 29. Rxd5 Qe1+ 30. Kh2 Qxf2 31. Qb4 Qf6 32. Qxb7 Re7
33. Qb4 Rfe8 34. Bg5 Qe6 35. Qd4 Rb7 36. Bh6 f6 37. Bf4 Rb4 38. Qxb4 Qxd5 39.
Qc3 Kf7 40. Qc7+ Re7 41. Qb8 g5 42. Bd6 Re2 43. Qf8+ Kg6 0-1

[Event "Aut_2.Bundesliga_Ost_2004/05"]
[Site "?"]
[Date "2005.02.25"]
[Round "7.1"]
[White "Vitouch, Anatol"]
[Black "Hangweyrer, Manfred"]
[Result "1-0"]
[WhiteElo "2185"]
[BlackElo "2347"]
[PlyCount "75"]
[EventDate "2004.10.09"]

1. Nf3 Nf6 2. c4 g6 3. d4 Bg7 4. g3 O-O 5. Bg2 d6 6. O-O Nbd7 7. Nc3 e5 8. e4
a6 9. d5 b5 10. cxb5 axb5 11. b4 Nb6 12. Nd2 Bd7 13. Qe2 Na4 14. Nxa4 Rxa4 15.
a3 c6 16. dxc6 Bxc6 17. Bb2 Qa8 18. Rfe1 d5 19. exd5 Nxd5 20. Bxd5 Bxd5 21.
Qxb5 f6 22. Qe2 Rc8 23. Rac1 Bh6 24. Rxc8+ Qxc8 25. Ne4 Qc6 26. Qd3 Bxe4 27.
Rxe4 Ra7 28. Rc4 Qe8 29. Qd5+ Kg7 30. b5 Rd7 31. Qc6 Qd8 32. Kg2 Bd2 33. Bc3
Kh6 34. b6 Bxc3 35. Rxc3 Rd1 36. b7 Rb1 37. Qe4 Qd1 38. Qh4+ 1-0

[Event "Aut_2.Bundesliga_Ost_2004/05"]
[Site "?"]
[Date "2005.02.25"]
[Round "7.1"]
[White "Schirmbeck, Hannes"]
[Black "Wirius, Johannes"]
[Result "1/2-1/2"]
[WhiteElo "2139"]
[BlackElo "2182"]
[PlyCount "90"]
[EventDate "2004.10.09"]

1. e4 g6 2. d4 Bg7 3. Nc3 d6 4. Nf3 Nf6 5. Be2 O-O 6. O-O c6 7. a4 Qc7 8. Be3
Nbd7 9. Nd2 c5 10. dxc5 dxc5 11. Nb5 Qb8 12. a5 b6 13. a6 Ne5 14. h3 Rd8 15. f4
Nc6 16. Bf3 Nb4 17. c4 e5 18. f5 Bxa6 19. Rxa6 Nxa6 20. g4 Nb4 21. g5 Ne8 22.
Bg4 Nd6 23. Qf3 a6 24. Nc3 Qb7 25. Qg3 Nd3 26. h4 Nf4 27. f6 Bf8 28. Bxf4 exf4
29. Qxf4 b5 30. e5 Nxc4 31. Bf3 Qb8 32. Nxc4 Rd4 33. Qh2 Rxc4 34. Bxa8 Qxa8 35.
e6 Rg4+ 36. Kf2 fxe6 37. Ke3 h5 38. Qe5 Qc6 39. Ne4 Kf7 40. Rd1 Rxh4 41. Rd8 c4
42. Rxf8+ Kxf8 43. Qb8+ Qe8 44. Qb7 Rxe4+ 45. Kxe4 Qf7 1/2-1/2

[Event "Aut_2.Bundesliga_Ost_2004/05"]
[Site "?"]
[Date "2005.02.25"]
[Round "7.1"]
[White "Goetz, Alexander"]
[Black "Schmid, Thomas"]
[Result "1-0"]
[WhiteElo "2189"]
[BlackElo "2128"]
[PlyCount "59"]
[EventDate "2004.10.09"]

1. c4 Nf6 2. g3 g6 3. Bg2 Bg7 4. Nc3 O-O 5. d3 d6 6. Bg5 h6 7. Bd2 e5 8. e4 Nc6
9. Nge2 Be6 10. Nd5 Ne8 11. O-O Qd7 12. f4 Bg4 13. Ne3 Bxe2 14. Qxe2 Nd4 15.
Qf2 c6 16. Kh1 Nf6 17. f5 g5 18. Bf3 Rab8 19. h4 Rfd8 20. hxg5 hxg5 21. Kg2 d5
22. exd5 Nxf3 23. Qxf3 cxd5 24. cxd5 Nxd5 25. Nxd5 Qxd5 26. f6 Qxf3+ 27. Rxf3
g4 28. Rf5 Rxd3 29. Bc3 Rf3 30. Rg5 1-0

[Event "Aut_2.Bundesliga_Ost_2004/05"]
[Site "?"]
[Date "2005.02.25"]
[Round "7.2"]
[White "Pokorna, Regina"]
[Black "Lukacs, Peter"]
[Result "1/2-1/2"]
[WhiteElo "2370"]
[BlackElo "2412"]
[PlyCount "60"]
[EventDate "2004.10.09"]

1. e4 e5 2. Nf3 Nc6 3. d4 exd4 4. Nxd4 Bc5 5. Be3 Qf6 6. c3 Nge7 7. Bc4 Ne5 8.
Be2 Qg6 9. O-O d6 10. f3 O-O 11. Nd2 d5 12. Kh1 dxe4 13. fxe4 Bg4 14. Bf4 Bxe2
15. Qxe2 Bd6 16. Nb5 N7c6 17. Rad1 Rfe8 18. Nxd6 Qxd6 19. Nf3 Qg6 20. Bxe5 Nxe5
21. Nxe5 Rxe5 22. Rd7 Rxe4 23. Qf3 Rae8 24. Rxf7 h6 25. h3 b6 26. Qf5 Qxf5 27.
R1xf5 Re2 28. Rd7 Rf8 29. Rxf8+ Kxf8 30. Rxc7 a5 1/2-1/2

[Event "Aut_2.Bundesliga_Ost_2004/05"]
[Site "?"]
[Date "2005.02.25"]
[Round "7.2"]
[White "Schroll, Gerhard"]
[Black "Staudner, Oliver"]
[Result "1-0"]
[WhiteElo "2364"]
[BlackElo "2392"]
[PlyCount "81"]
[EventDate "2004.10.09"]

1. d4 Nf6 2. c4 e6 3. Nf3 b6 4. Bf4 Bb4+ 5. Nfd2 Bb7 6. e3 O-O 7. a3 Be7 8. Nc3
c5 9. d5 exd5 10. cxd5 d6 11. e4 Na6 12. Bd3 Nc7 13. O-O Rb8 14. Re1 a6 15. a4
Re8 16. h3 Bf8 17. Qc2 Ba8 18. Bg5 h6 19. Bh4 Be7 20. Bg3 b5 21. axb5 axb5 22.
Ra7 c4 23. Bf1 Bf8 24. Ne2 Nh5 25. Rc1 f5 26. b3 fxe4 27. bxc4 e3 28. fxe3 Nxg3
29. Nxg3 bxc4 30. Bxc4 Rxe3 31. Nf5 Re8 32. Bf1 Qf6 33. Rxc7 Bxd5 34. Bc4 Bxc4
35. Qxc4+ Kh8 36. Rf7 Qg6 37. Rf1 Rbc8 38. Nh4 Qg3 39. Qf4 Qxf4 40. Ng6+ Kg8
41. R1xf4 1-0

[Event "Aut_2.Bundesliga_Ost_2004/05"]
[Site "?"]
[Date "2005.02.25"]
[Round "7.2"]
[White "Poecksteiner, Johann"]
[Black "Wiedner, Robert"]
[Result "1/2-1/2"]
[WhiteElo "2197"]
[BlackElo "2216"]
[PlyCount "25"]
[EventDate "2004.10.09"]

1. d4 Nf6 2. c4 e6 3. Nc3 Bb4 4. g3 c5 5. Nf3 d5 6. cxd5 Nxd5 7. Bd2 Nc6 8.
Nxd5 Qxd5 9. Bxb4 Nxb4 10. a3 Nc6 11. dxc5 Qxc5 12. Bg2 O-O 13. O-O 1/2-1/2

[Event "Aut_2.Bundesliga_Ost_2004/05"]
[Site "?"]
[Date "2005.02.25"]
[Round "7.2"]
[White "Todor, Razvan"]
[Black "Rogetzer, Klaus"]
[Result "1-0"]
[WhiteElo "2158"]
[BlackElo "2124"]
[PlyCount "69"]
[EventDate "2004.10.09"]

1. e4 d6 2. d4 Nf6 3. Nc3 g6 4. Nf3 Bg7 5. Be3 c6 6. Qd2 b5 7. Bd3 Nbd7 8. Bh6
Bxh6 9. Qxh6 b4 10. Ne2 Qa5 11. O-O Ba6 12. Bxa6 Qxa6 13. Qe3 O-O 14. e5 dxe5
15. dxe5 Nd5 16. Qd2 Rad8 17. Nf4 Qc4 18. Nxd5 cxd5 19. Rad1 Nc5 20. b3 Qc3 21.
Qxc3 bxc3 22. Nd4 Rd7 23. Nb5 d4 24. Rxd4 Rxd4 25. Nxd4 Rd8 26. Nb5 Ne4 27. f3
a6 28. Na3 Nc5 29. Nb1 Rd5 30. Re1 Ne6 31. Kf2 Nd4 32. Rd1 e6 33. Nxc3 Rc5 34.
Rxd4 Rxc3 35. Rd2 1-0

[Event "Aut_2.Bundesliga_Ost_2004/05"]
[Site "?"]
[Date "2005.02.25"]
[Round "7.2"]
[White "Steiner, Johann"]
[Black "Kopinits, Anna-Christina"]
[Result "1-0"]
[WhiteElo "2051"]
[BlackElo "2114"]
[PlyCount "91"]
[EventDate "2004.10.09"]

1. e4 c5 2. Nf3 Nc6 3. d4 cxd4 4. Nxd4 Nf6 5. Nc3 e5 6. Ndb5 d6 7. Bg5 a6 8.
Na3 b5 9. Nd5 Be7 10. Bxf6 Bxf6 11. Nxf6+ Qxf6 12. c3 Qg6 13. Qd3 Ne7 14. g3
Bb7 15. f3 O-O 16. Bg2 f5 17. O-O d5 18. exd5 Nxd5 19. Rae1 Rae8 20. c4 Nf6 21.
cxb5 e4 22. fxe4 fxe4 23. Qc4+ Bd5 24. Rxf6 Qxf6 25. Qxd5+ Kh8 26. Qc5 e3 27.
Rf1 e2 28. Rxf6 e1=Q+ 29. Rf1 Rxf1+ 30. Bxf1 axb5 31. Nxb5 h6 32. a3 Re5 33.
Qf2 Qb1 34. Nc3 Qg6 35. Bc4 Qe8 36. Ne2 Qc8 37. Nf4 Rf5 38. b3 Rf6 39. a4 Qd8
40. Qe2 Qd4+ 41. Kg2 Qd6 42. Qd3 Qc6+ 43. Qd5 Qe8 44. a5 Qf8 45. a6 Qb8 46. a7
1-0

[Event "Aut_2.Bundesliga_Ost_2004/05"]
[Site "?"]
[Date "2005.02.25"]
[Round "7.3"]
[White "Sommerbauer, Norbert"]
[Black "Videki, Sandor"]
[Result "1-0"]
[WhiteElo "2419"]
[BlackElo "2414"]
[PlyCount "51"]
[EventDate "2004.10.09"]

1. e4 d6 2. d4 Nf6 3. Nc3 g6 4. Be3 c6 5. Nf3 Bg7 6. Qd2 b5 7. Bd3 O-O 8. h3
Nbd7 9. O-O e5 10. dxe5 dxe5 11. a4 b4 12. Ne2 c5 13. c3 a5 14. cxb4 cxb4 15.
Rfd1 Bb7 16. Bb5 Qb8 17. Ng3 Rd8 18. Bc4 Re8 19. Ng5 Re7 20. Rac1 h6 21. Nxf7
Rxf7 22. Qxd7 Nxd7 23. Rxd7 Kh7 24. Bxf7 Ra6 25. Rcc7 Bc8 26. Bg8+ 1-0

[Event "Aut_2.Bundesliga_Ost_2004/05"]
[Site "?"]
[Date "2005.02.25"]
[Round "7.3"]
[White "Neumeier, Klaus"]
[Black "Schweda, Roland"]
[Result "1/2-1/2"]
[WhiteElo "2304"]
[BlackElo "2410"]
[PlyCount "48"]
[EventDate "2004.10.09"]

1. e4 c5 2. Nf3 d6 3. Bb5+ Bd7 4. Bxd7+ Qxd7 5. c4 Nc6 6. Nc3 Ne5 7. d4 Nxf3+
8. gxf3 cxd4 9. Qxd4 e6 10. Be3 Ne7 11. f4 Nc6 12. Qd2 Be7 13. Rg1 g6 14. O-O-O
O-O-O 15. Kb1 Kb8 16. Rc1 b6 17. Rgd1 Qb7 18. f3 Rc8 19. Nb5 Rhd8 20. Qc3 Na5
21. Qd3 Nc6 22. Qb3 Na5 23. Qd3 Nc6 24. Qb3 Na5 1/2-1/2

[Event "Aut_2.Bundesliga_Ost_2004/05"]
[Site "?"]
[Date "2005.02.25"]
[Round "7.3"]
[White "Kummer, Helmut"]
[Black "Weissenbeck, Manuel"]
[Result "1-0"]
[WhiteElo "2350"]
[BlackElo "2254"]
[PlyCount "57"]
[EventDate "2004.10.09"]

1. d4 Nf6 2. c4 e6 3. Nc3 Bb4 4. Qc2 d5 5. a3 Bxc3+ 6. Qxc3 Ne4 7. Qc2 Nc6 8.
Nf3 O-O 9. b3 a5 10. Bb2 f5 11. g3 Bd7 12. Bg2 Be8 13. Rc1 Rc8 14. cxd5 exd5
15. Ne5 Nxe5 16. dxe5 b6 17. O-O c5 18. Rfd1 Bc6 19. f3 Ng5 20. h4 Ne6 21. f4
Rc7 22. Rd2 Rd7 23. Rcd1 Qc7 24. Bxd5 Rxd5 25. Rxd5 Be8 26. Rd7 Qc6 27. e4 b5
28. R1d6 Qc8 29. exf5 1-0

[Event "Aut_2.Bundesliga_Ost_2004/05"]
[Site "?"]
[Date "2005.02.25"]
[Round "7.3"]
[White "Hechl, Gerald"]
[Black "Rudolf, Herbert"]
[Result "0-1"]
[WhiteElo "2252"]
[BlackElo "2225"]
[PlyCount "54"]
[EventDate "2004.10.09"]

1. e4 Nf6 2. e5 Nd5 3. d4 d6 4. c4 Nb6 5. exd6 exd6 6. Nc3 Be7 7. Qf3 O-O 8.
Be3 c6 9. Bd3 d5 10. c5 N6d7 11. Nge2 b6 12. b4 bxc5 13. bxc5 Ba6 14. Bc2 Nf6
15. O-O Nbd7 16. Bf4 Re8 17. Rfe1 Nf8 18. Ng3 Ne6 19. Be5 Nd7 20. Bxh7+ Kxh7
21. Qxf7 Bf8 22. Nf5 Nxe5 23. Rxe5 Qf6 24. Qd7 Nxc5 25. Qc7 Rxe5 26. dxe5 Qxf5
27. Qxc6 Bb7 0-1

[Event "Aut_2.Bundesliga_Ost_2004/05"]
[Site "?"]
[Date "2005.02.25"]
[Round "7.3"]
[White "Kremsner, Andreas"]
[Black "Wanderer, Thomas"]
[Result "1-0"]
[WhiteElo "2207"]
[BlackElo "2206"]
[PlyCount "79"]
[EventDate "2004.10.09"]

1. Nf3 d5 2. d4 Nc6 3. e3 Bg4 4. c4 e5 5. Be2 e4 6. cxd5 Qxd5 7. Nc3 Bb4 8. Nd2
Bxe2 9. Qxe2 Bxc3 10. bxc3 Nf6 11. O-O O-O 12. c4 Qd6 13. Rb1 b6 14. Bb2 Rfe8
15. Rfc1 Ne7 16. a4 h5 17. h3 c6 18. a5 g6 19. c5 Qd7 20. cxb6 axb6 21. Nc4
Nfd5 22. axb6 Reb8 23. Ba3 f6 24. Bd6 Rb7 25. Bc5 Nc8 26. Qc2 Qe6 27. Rb2 g5
28. Qe2 g4 29. g3 gxh3 30. Kh2 Qg4 31. Qc2 h4 32. Rg1 Kh8 33. gxh4 Qf5 34. Rg3
Ra1 35. f3 Nxe3 36. Nxe3 Qf4 37. Qxe4 Rh1+ 38. Kxh1 Qxg3 39. Qe8+ Kh7 40. Qh5+
1-0

[Event "Aut_2.Bundesliga_Ost_2004/05"]
[Site "?"]
[Date "2005.02.25"]
[Round "7.4"]
[White "Lau, Ralf"]
[Black "Markos, Jan"]
[Result "0-1"]
[WhiteElo "2481"]
[BlackElo "2454"]
[PlyCount "78"]
[EventDate "2004.10.09"]

1. d4 Nf6 2. Nf3 e6 3. e3 b6 4. Bd3 Bb7 5. O-O c5 6. Re1 d5 7. b3 g6 8. Bb2 Bg7
9. dxc5 bxc5 10. c4 O-O 11. cxd5 exd5 12. Nc3 Nbd7 13. Na4 Bc6 14. Rc1 Bxa4 15.
bxa4 c4 16. Bb1 Nc5 17. Re2 Nfe4 18. Nd4 Qd7 19. f3 Nf6 20. Ba3 Rac8 21. Nb5
Rfd8 22. Rd2 Bh6 23. Bxc5 Rxc5 24. f4 Re8 25. Qf3 Qg4 26. Rf1 Bg7 27. h3 Qxf3
28. Rxf3 Ne4 29. Bxe4 Rxe4 30. Rc2 c3 31. Na3 Rxa4 32. Nb1 Rb4 33. Rf1 d4 34.
exd4 Bxd4+ 35. Kh2 Rb2 36. Rxb2 cxb2 37. g3 Rc2+ 38. Kh1 f5 39. Na3 Rc3 0-1